|
|
|
|
| LEADER |
00993nab a2200253 i 4500 |
| 001 |
misc64482 |
| 005 |
20230503103704.0 |
| 008 |
230209s1980 hu o 0|| hun d |
| 040 |
|
|
|a SZTE Miscellanea Repozitórium
|b hun
|
| 041 |
|
|
|a hun
|
| 100 |
2 |
|
|a Róna-Tas András
|
| 245 |
1 |
0 |
|a Vikár László - Bereczki Gábor
|h [elektronikus dokumentum] :
|b Chuvash folksongs. Budapest : Akadémiai K., 1979 : könyvismertetés /
|c Róna-Tas András
|
| 260 |
|
|
|c 1980
|
| 300 |
|
|
|a 421-425
|c 21 cm
|
| 300 |
|
|
|a [5] p.
|c 21 cm
|
| 490 |
0 |
|
|a Nyelvtudományi közlemények : a Magyar Tudományos Akadémia Nyelvtudományi Intézetének folyóirata
|
| 561 |
|
|
|a Németh Gyula hagyaték
|
| 591 |
|
|
|a NOA 5112
|
| 650 |
|
4 |
|a Bölcsészettudományok
|
| 650 |
|
4 |
|a Nyelvek és irodalom
|
| 695 |
|
|
|a Folklór - csuvas - népdal - könyvismertetés
|
| 700 |
0 |
1 |
|a Vikár László
|
| 700 |
0 |
1 |
|a Bereczki Gábor
|
| 856 |
4 |
0 |
|u http://misc.bibl.u-szeged.hu/64482/1/5112_noa.pdf
|z Dokumentum-elérés
|